JO Eté Les médailles qui restent à remporter... - Statistiques

Statistiques générales
  • Ce quiz a été pris 4 fois
  • Le résultat moyen est 30 sur 139
Statistiques - réponses
Hint Réponse % Correct
Athlétisme F 100 m
100%
Athlétisme H 100 m
100%
Athlétisme H 400 m
100%
Athlétisme F 1500 m
75%
Athlétisme F 10000 m
50%
Natation F 100 m nage libre
50%
Natation H 100 m papillon
50%
Natation H 1500 m nage libre
50%
Natation F 200 m brasse
50%
Natation F 200 m papillon
50%
Natation F 400 m 4 nages
50%
Natation H 400 m 4 nages
50%
Cyclisme F BMX {Freestyle}
50%
Badminton F Double
50%
Badminton H Double
50%
Badminton M Double
50%
Tennis de table M Double
50%
Sports collectifs F Football
50%
Athlétisme F Marathon
50%
Natation artistique M Par équipes
50%
Tennis de table F Par équipes
50%
Athlétisme F saut en longueur
50%
Athlétisme H saut en longueur
50%
Badminton F Simple
50%
Badminton H Simple
50%
Tennis de table F Simple
50%
Gymnastique artistique F Sol
50%
Athlétisme F triple saut
50%
Athlétisme H triple saut
50%
Sports collectifs F Volley
50%
Natation F 200 m 4 nages
25%
Athlétisme F 4 x 400 m
25%
Athlétisme M 4 x 400 m
25%
Athlétisme F 5000 m
25%
Natation H 800 m nage libre
25%
Gymnastique artistique H Anneaux
25%
Sports collectifs F Basket 3 x 3
25%
Sports collectifs H Basket 3 x 3
25%
Sports collectifs F Beach-volley
25%
Sports collectifs H Beach-volley
25%
Autres sports F Breaking
25%
Autres sports H Breaking
25%
Autres sports F Golf
25%
Autres sports H Golf
25%
Athlétisme F heptathlon
25%
Sports collectifs F Hockey-sur-gazon
25%
Sports collectifs H Hockey-sur-gazon
25%
Haltérophilie H Moins de {102 kg}
25%
Lutte libre H Moins de {125 kg}
25%
Haltérophilie F Moins de {49 kg}
25%
Lutte libre F Moins de {57 kg}
25%
Haltérophilie F Moins de {59 kg}
25%
Lutte gréco-romaine H Moins de {60 kg}
25%
Haltérophilie H Moins de {61 kg}
25%
Lutte libre F Moins de {68 kg}
25%
Haltérophilie F Moins de {71 kg}
25%
Haltérophilie H Moins de {73 kg}
25%
Lutte libre F Moins de {76 kg}
25%
Taekwondo H Moins de {80 kg}
25%
Haltérophilie F Moins de {81 kg}
25%
Lutte libre H Moins de {86 kg}
25%
Lutte gréco-romaine H Moins de {87 kg}
25%
Lutte gréco-romaine H Moins de {97 kg}
25%
Lutte libre H Moins de {97 kg}
25%
Skateboard F Park
25%
Skateboard H Park
25%
Haltérophilie H Plus de {102 kg}
25%
Haltérophilie F Plus de {81 kg}
25%
Boxe H Poids lourds
25%
Boxe F Poids moyens
25%
Boxe F Poids plumes
25%
Gymnastique artistique F Poutre
25%
Athlétisme F saut à la perche
25%
Aviron F Skiff
25%
Skateboard F Street
25%
Skateboard H Street
25%
Cyclisme F Sur piste {Keirin}
25%
Cyclisme F Sur piste {Omnium}
25%
Cyclisme F Sur piste {Poursuite par équipes}
25%
Cyclisme F Sur piste {Vitesse par équipes}
25%
Escalade F Vitesse
25%
Escalade H Vitesse
25%
Sports collectifs F Water-polo
25%
Natation F 10 km en eau libre
0%
Athlétisme F 20 km marche
0%
Athlétisme H 20 km marche
0%
Athlétisme F 3000 m steeple
0%
Athlétisme F 400 m haies
0%
Voile M 470
0%
Voile H 49er
0%
Natation F 4 x 100 m nage libre
0%
Tir F Carabine - 3 positions à 50 m
0%
Tir F Carabine - Air comprimé à 10 m
0%
Tir M Carabine - Air comprimé à 10 m
0%
Escalade F Combiné
0%
Escalade H Combiné
0%
Gymnastique rythmique F Concours des ensembles
0%
Gymnastique artistique F Concours général individuel
0%
Gymnastique rythmique F Concours général individuel
0%
Gymnastique artistique F Concours général par équipes
0%
Voile F Dériveur - ILCA 6
0%
Voile H Dériveur - ILCA 7
0%
Aviron F Deux de couple
0%
Voile H Formula Kite
0%
Tir F Fusil de chasse - Skeet
0%
Tir H Fusil de chasse - Skeet
0%
Tir M Fusil de chasse - Skeet
0%
Plongeon F Haut-vol à 10 m
0%
Plongeon H Haut-vol à 10 m
0%
Plongeon F Haut-vol à 10 m synchronisé
0%
Plongeon H Haut-vol à 10 m synchronisé
0%
Aviron F Huit
0%
Aviron H Huit
0%
Athlétisme F lancer du javelot
0%
Athlétisme H lancer du javelot
0%
Athlétisme H lancer du poids
0%
Athlétisme M Marche par équipes
0%
Voile M Nacra 17
0%
Autres sports H Pentathlon moderne
0%
Tir M Pistolet - Air comprimé à 10 m
0%
Boxe F Poids coqs
0%
Boxe F Poids welters
0%
Aviron F Quatre de couple
0%
Aviron F Quatre sans barreuse
0%
Gymnastique artistique F Saut de cheval
0%
Canoë-Kayak F Slalom {C1}
0%
Canoë-Kayak H Slalom {KX1}
0%
Canoë-Kayak F Sprint {C1}
0%
Canoë-Kayak F Sprint {C2}
0%
Canoë-Kayak F Sprint {K1}
0%
Canoë-Kayak F Sprint {K4}
0%
Cyclisme F Sur piste {Course à l'américaine}
0%
Cyclisme H Sur route {contre la montre}
0%
Autres sports F Trampoline
0%
Autres sports H Trampoline
0%
Plongeon F Tremplin à 3 m
0%
Plongeon H Tremplin à 3 m
0%
Plongeon F Tremplin à 3 m synchronisé
0%
Plongeon H Tremplin à 3 m synchronisé
0%
Aucun quiz correspondant
Distribution des résultats
% des personnes avec chaque résultat
Percentile par nombre de réponses
Votre historique - résultats
Vous n’avez pas pris ce quiz